Statistiques concernant Groupes de métal (tous genres)

Cliquez ici pour prendre le quiz!

Statistiques générales

  • Ce quiz a été pris 234 fois
  • Le résultat moyen est 8 sur 68

Statistiques - réponses

Réponse% Correct
Metallica
86%
Slipknot
63%
Megadeth
52%
Korn
49%
Slayer
43%
Rammstein
42%
System Of A Down
36%
Gojira
35%
Anthrax
31%
Pantera
27%
Mayhem
21%
Cannibal Corpse
20%
Motorhead
20%
Rage Against The Machine
15%
Amon Amarth
13%
Nightwish
13%
Arch Enemy
11%
Avenged Sevenfold
11%
Behemoth
11%
Testament
11%
Alestorm
9%
Helloween
9%
Kreator
8%
Children of Bodom
7%
DragonForce
7%
In Flames
7%
Lamb Of God
7%
Lorna Shore
7%
Trivium
7%
Dagoba
6%
Emperor
6%
Meshuggah
6%
Napalm Death
6%
Within Temptation
6%
Dimmu Borgir
5%
Immortal
5%
Parkway Drive
5%
Aerosmith
4%
Architects
4%
Airbourne
3%
Born of Osiris
3%
Drowning Pool
3%
Hatebreed
3%
Polaris
3%
Atreyu
2%
Attila
2%
Finntroll
2%
Hypocrisy
2%
Korpiklaani
2%
Shadow of Intent
2%
Suicide Silence
2%
Thy Art Is Murder
2%
Volbeat
2%
Wind Rose
2%
Betraying The Martyrs
1%
Breakdown Of Sanity
1%
Carnifex
1%
Chelsea Grin
1%
Gloryhammer
1%
Make Them Suffer
1%
Rotting Christ
1%
After The Burial
0%
Bring Me The Horizon (avant)
0%
Cradle of Filfth
0%
Fit For A King
0%
Mgla
0%
The Amity Affliction
0%
Within Destruction
0%

Distribution des résultats

Percentile par nombre de réponses

% des personnes avec chaque résultat

Votre développement - résultats

Vous n’avez pas pris ce quiz